Śabda aura śabda /

Anthology of poems by Hindi poets from West Bengal.

Saved in:
Bibliographic Details
Other Authors: Rājanandana, Meharotrā, Rītā
Format: Book
Language:Hindi
Published: Kalakattā : Rekhāyana, 1987.
Edition:1. saṃskaraṇa.
Subjects:
LEADER 01143nam a2200313 a 4500
001 c000164398
003 CARM
005 19960702000000.0
008 871120s1987 ii 000 0 hin d
019 1 |a 7760929  |5 LACONCORD2021 
035 |a (OCoLC)22982745  |5 LACONCORD2021 
040 |a LC  |b eng  |c LC  |d VU 
043 |a a-ii--- 
050 0 0 |a PK2104.W47  |b S23 1987 
082 0 4 |a 891.431708  |2 20 
245 0 0 |a Śabda aura śabda /  |c sampādana, Rājanandana, Rītā Meharotrā = Shabda aur shabda / edited by Rajnandan and Reeta Mehrotra. 
246 3 0 |a Shabda aur shabda. 
250 |a 1. saṃskaraṇa. 
260 |a Kalakattā :  |b Rekhāyana,  |c 1987. 
300 |a 95 p. ;  |c 23 cm. 
500 |a Poems. 
520 |a Anthology of poems by Hindi poets from West Bengal. 
546 |a In Hindi. 
650 0 |a Hindi poetry  |z India  |z West Bengal. 
700 0 |a Rājanandana. 
700 1 |a Meharotrā, Rītā. 
852 8 |b CARM  |h A2:AJ37A0  |i B04990  |p 0213596  |f BK 
999 f f |i 76738090-72d3-57b5-a38c-fd4ab623f5b9  |s a40aff36-dbac-5822-b5bd-3e61179220f8 
952 f f |p Can circulate  |a CAVAL  |b CAVAL  |c CAVAL  |d CARM 1 Store  |e B04990  |f A2:AJ37A0  |h Other scheme  |i book  |m 0213596